Catalog

Record Details

Catalog Search



Available copies

  • 2 of 2 copies available at LARL/NWRL Consortium.
  • 1 of 1 copy available at Northwest Regional Library. (Show preferred library)

Current holds

0 current holds with 2 total copies.

Show Only Available Copies
Location Call Number / Copy Notes Barcode Shelving Location Status Due Date
Greenbush Public Library NOO (Text) 35500005261126 Main Available -
Moorhead Public Library NOO (Text) 33500011786613 Main Available -

Record details

  • ISBN: 9780758274991 (pbk.)
  • ISBN: 0758274998 (pbk.)
  • Physical Description: 320 pages ; 21 cm
  • Publisher: New York : Kensington, 2014.

Content descriptions

General Note:
Includes a reading group guide.
Summary, etc.:
Eleven-year-old Lauren O'Neil vanished one sunny ... Read More
Subject: Kidnapping > Fiction.
Genre: Psychological fiction.
LDR 02320cam a2200385Ii 4500
001160280
003LARL_NWRL_CONSORTIUM
00520140109093245.0
008131016t20142014nyu 000 f eng d
015 . ‡aGBB3A5719 ‡2bnb
0167 . ‡a016547331 ‡2Uk
020 . ‡a9780758274991 (pbk.)
020 . ‡a0758274998 (pbk.)
035 . ‡a(OCoLC)864086251
040 . ‡aUKMGB ‡beng ‡erda ‡cUKMGB ‡dDAD
08204. ‡a813.6 ‡223
1001 . ‡aNoonan, Rosalind, ‡eauthor. ‡0(LARL_NWRL_CONSORTIUM)143136
24510. ‡aAnd then she was gone / ‡cRosalind Noonan.
260 . ‡aNew York : ‡bKensington, ‡c2014.
260 . ‡c©2014
300 . ‡a320 pages ; ‡c21 cm
336 . ‡atext ‡2rdacontent
337 . ‡aunmediated ‡2rdamedia
338 . ‡avolume ‡2rdacarrier
500 . ‡aIncludes a reading group guide.
520 . ‡aEleven-year-old Lauren O'Neil vanished one sunny afternoon as she walked home from school. Six years later, her parents Rachel and Dan still tirelessly scour their Oregon hometown and beyond, always believing Lauren will be found. Then one day, the call comes. Lauren has been rescued from a secluded farm mere miles away, and her abductor has confessed. Yet her return is nothing like Rachel imagined. Though the revelations about what Lauren endured are shocking, most heartbreaking of all is to see the bright-eyed, assertive daughter she knew transformed into a wary, polite stranger. Lauren's first instinct is to flee. For years she's been told her parents forgot her; now she doubts the pieces of her life can ever fit together again. But Rachel refuses to lose her a second time. Little by little they must relearn what it means to be a family, trusting that their bond is strong enough to guide them back to each other.
650 0. ‡aKidnapping ‡vFiction. ‡0(LARL_NWRL_CONSORTIUM)165838
655 7. ‡aPsychological fiction. ‡2gsafd
948 . ‡hNO HOLDINGS IN LAL - 36 OTHER HOLDINGS
994 . ‡aZ0 ‡bLAL
901 . ‡a160280 ‡bOCLC ‡c160280 ‡tbiblio

Additional Resources